Statistics for Capitales du monde par deux premières lettres en 90 secondes

Click here to take the quiz!

General Stats

  • This quiz has been taken 50,046 times
  • The average score is 93 of 196

Answer Stats

Pays Capitale % Correct
FranceParis
93%
MicronésiePalikir
93%
SurinameParamaribo
93%
PanamaPanama
93%
NauruYaren
91%
AllemagneBerlin
90%
SerbieBelgrade
90%
BelizeBelmopan
90%
LibanBeyrouth
90%
SuisseBerne
90%
OmanMascate
85%
MozambiqueMaputo
84%
MaldivesMalé
84%
Îles MarshallMajuro
84%
Guinée
équatoriale
Malabo
84%
LesothoMaseru
84%
BahreïnManama
84%
EspagneMadrid
84%
PhilippinesManille
84%
NicaraguaManagua
84%
Afrique du SudPretoria,
Le Cap ou,
Bloemfontein
83%
BrésilBrasilia
79%
Rép du CongoBrazzaville
79%
BelgiqueBruxelles
79%
SlovaquieBratislava
79%
BarbadeBridgetown
79%
MadagascarAntananarivo
77%
MalteLa Valette
75%
UruguayMontevideo
73%
SomalieMogadiscio
73%
RussieMoscou
73%
ComoresMoroni
73%
MonacoMonaco
73%
LiberiaMonrovia
73%
ÉgypteLe Caire
72%
ArgentineBuenos Aires
71%
HongrieBudapest
71%
RoumanieBucarest
71%
PérouLima
70%
GabonLibreville
70%
MalawiLilongwe
70%
PortugalLisbonne
70%
IsraëlJérusalem
70%
LituanieVilnius
67%
AutricheVienne
67%
SeychellesVictoria
67%
LaosVientiane
67%
GrenadeSaint George's
66%
ItalieRome
66%
Bosnie-
Herzégovine
Sarajevo
66%
SalvadorSan Salvador
66%
DominiqueRoseau
66%
Saint-MarinSaint-Marin
66%
Sao Tomé-et-
Principe
Sao Tomé
66%
Antigua-et-
Barbuda
Saint John's
66%
ChiliSantiago
66%
République
dominicaine
Saint-Domingue
66%
Costa RicaSan José
66%
YémenSanaa
66%
AndorreAndorre-la-Vieille
64%
TurquieAnkara
64%
Royaume-UniLondres
63%
TogoLomé
63%
DanemarkCopenhague
60%
GuinéeConakry
60%
Arabie SaouditeRiyad
58%
LettonieRiga
58%
BolivieLa Paz ou Sucre
57%
IrlandeDublin
57%
AlbanieTirana
57%
BiélorussieMinsk
57%
SlovénieLjubljana
56%
GrèceAthènes
56%
BurundiGitega
55%
BulgarieSofia
55%
CubaLa Havane
54%
LuxembourgLuxembourg
54%
ChinePékin
54%
AngolaLuanda
54%
ZambieLusaka
54%
Saint-Christophe-
et-Niévès
Basseterre
53%
ThaïlandeBangkok
53%
République
centrafricaine
Bangui
53%
MaliBamako
53%
AzerbaïdjanBakou
53%
BruneiBandar Seri
Begawan
53%
GambieBanjul
53%
IrakBagdad
53%
IslandeReykjavik
52%
EstonieTallinn
52%
OuzbékistanTachkent
52%
TaïwanTaipei
52%
KiribatiTarawa
52%
LiechtensteinVaduz
51%
VaticanVatican
51%
PologneVarsovie
51%
AustralieCanberra
50%
VenezuelaCaracas
50%
Sainte-LucieCastries
50%
FinlandeHelsinki
49%
CroatieZagreb
47%
IndeNew Delhi
45%
VanuatuPort-Vila
44%
JaponTokyo
44%
Trinité-et-TobagoPort-d'Espagne
44%
BéninPorto-Novo
44%
MonténégroPodgorica
44%
HaïtiPort-au-Prince
44%
Papouasie-
Nouvelle-
Guinée
Port Moresby
44%
Île MauricePort-Louis
44%
KosovoPristina
42%
République
tchèque
Prague
42%
Cap-VertPraia
42%
Etats-UnisWashington
41%
Corée du SudSéoul
41%
ColombieBogotá
40%
NorvègeOslo
40%
Pays-BasAmsterdam
40%
JordanieAmman
40%
AfghanistanKaboul
38%
NépalKatmandou
38%
PalaosNgerulmud
38%
OugandaKampala
38%
SénégalDakar
37%
MexiqueMexico
37%
SyrieDamas
37%
BangladeshDacca
37%
JamaïqueKingston
36%
UkraineKiev
36%
Saint-Vincent-et-
les-Grenadines
Kingstown
36%
RwandaKigali
36%
AlgérieAlger
36%
Rép dém
du Congo
Kinshasa
36%
SuèdeStockholm
34%
NigerNiamey
34%
ChypreNicosie
34%
MarocRabat
32%
KenyaNairobi
32%
BahamasNassau
32%
BirmanieNaypyidaw
32%
IranTéhéran
31%
HondurasTegucigalpa
31%
KazakhstanAstana
29%
ÉrythréeAsmara
29%
TunisieTunis
29%
ParaguayAsunción
29%
Guinée-BissauBissau
28%
KirghizistanBichkek
28%
SingapourSingapour
26%
IndonésieJakarta
26%
FidjiSuva
26%
TadjikistanDouchanbé
25%
QatarDoha
25%
TanzanieDodoma
25%
ÉquateurQuito
24%
MoldavieChișinău
23%
CanadaOttawa
23%
Corée du NordPyongyang
22%
ArménieErevan
22%
Émirats arabes unisAbou Dabi
21%
GuyanaGeorgetown
21%
NigeriaAbuja
21%
Timor orientalDili
20%
ZimbabweHarare
20%
Viêt NamHanoï
20%
MauritanieNouakchott
20%
Macédoine
du Nord
Skopje
19%
KoweïtKoweït
19%
GuatemalaGuatemala
18%
BotswanaGaborone
16%
TongaNukuʻalofa
16%
Burkina FasoOuagadougou
16%
MongolieOulan-Bator
16%
TurkménistanAchgabat
15%
CambodgePhnom Penh
15%
GhanaAccra
15%
LibyeTripoli
15%
BhoutanThimphou
14%
ÉthiopieAddis-Abeba
13%
MalaisieKuala Lumpur
13%
SalomonHoniara
13%
PakistanIslamabad
12%
GéorgieTbilissi
12%
Nouvelle-ZélandeWellington
12%
Sri LankaSri
Jayawardenepura
Kotte
11%
SamoaApia
11%
Soudan du SudDjouba
11%
Côte d'IvoireYamoussoukro
11%
CamerounYaoundé
11%
DjiboutiDjibouti
11%
TuvaluFunafuti
10%
Sierra LeoneFreetown
10%
NamibieWindhoek
8%
SoudanKhartoum
5%
TchadNdjamena
5%
EswatiniMbabane
4%

Score Distribution

Percentile by Number Answered

Percent of People with Each Score

Your Score History

You have not taken this quiz